000 00575nam a2200181Ia 4500
008 090122s9999 xx 000 0 und d
082 _b1713
_a891.4684
100 _aदवणे
_bप्रविण
245 _aसावर रे भाग 1
260 _bनवचैतन्य प्रकाशन
_c"1, 2002"
300 _a135
501 _aज्ञानदा ग्रंथ वितरण
600 _aदवणे
630 _aसावर रे भाग 1
700 _aदवणे
730 _aसावर रे भाग 1
942 _cBOOK
999 _c25791
_d25791